Geboren in Mannheim - Statistiken

Allgemein
  • Dieses Quiz wurde 106 mal gespielt
    4 seit der letzten Aktualisierung
  • Das Durchschnittsergebnis liegt bei 4 aus 27
Antwortstatistiken
Hinweis Antwort % Korrekt
türkischstämmiger Comedian mit langen Haaren 1976 Bülent Ceylan
75%
ehemalige Tennisspielerin, Gewinnerin von 22 Grand Slam Titeln und eine der erfolgreichsten Tennisspielerinnen aller Zeiten 1969 Steffi Graf
75%
Gründer der BASF 1821 Friedrich Engelhorn
50%
Fußballnationalspieler, Brighton & Hove Albion 1991 Pascal Groß
50%
kontroverser Sänger, Mitglied der Söhne Mannheim "Dieser Weg" 1971 Xavier Naidoo
50%
Mitgründer von SAP 1935 Claus Wellenreuther
25%
Radrennweltmeister 1937 Rudi Altig
25%
Weltmeistertrainer von 1954 1897 Sepp Herberger
25%
langjähriger Kapitän der Handballnationalmannschaft (Rhein Neckar Löwen) 1986 Uwe Gensheimer
25%
Architekt und Reichsminister zur NS-Zeit 1905 Albert Speer
0%
katholischer Theologe und Widerstandskämpfer gegen die NS-Diktatur 1907 Alfred Delp
0%
Fußballtrainer von Hannover 96 (früher Hamburger SV, 1.FC Magdeburg und Rot-Weiss Essen) 1971 Christian Titz
0%
früherer Fußballnationalspieler, (Borussia Dortmund, Leverkusen, Waldhof) 1972 Christian Wörns
0%
SPD-Politkerin, frühere Bundesverteidigungministerin und Bundesjustizministerin 1965 Christine Lambrecht
0%
früherer DFB-Präsident, Präsident des VfB Stuttgart und Minister in Baden-Württemberg für die CDU 1933 Gerhard Mayer-Vorfelder
0%
Rekordspieler des SV Waldhof Mannheim 1948 Günter Sebert
0%
türkischer Fußballnationalspieler, Inter Mailand 1994 Hakan Calhanoglu
0%
CDU-Politiker und von 1966 bis 1978 Ministerpräsident von Baden-Württemberg 1913 Hans Filbinger
0%
Ex-Fußballer und Trainer, (Leverkusen, Borussia Dortmund, Augsburg) 1971 Heiko Herrlich
0%
früherer NHL-Spieler, (Buffalo Sabres, St. Louis Blues, Edmonton Oilers) 1977 Jochen Hecht
0%
Ingenieur und Raketenpionier 1929 Julius Hatry
0%
Eishockeynationalspieler, Adler Mannheim 1997 Lukas Kälble
0%
früherer American Football Spieler, erzielte für die New York Giants als erster Deutscher einen Touchdown in der NFL 1986 Markus Kuhn
0%
Schauspielerin, "Phoenix" Frankfurt-"Tatort" 1971 Nina Kunzendorf
0%
Bundesvorsitzender der Grünen von 2002 bis 2008 1953 Reinhard Bütikofer
0%
Schauspieler, Stuttgart-"Tatort" 1955 Richy Müller
0%
ehemaliger Fußballtrainer und langjähriger Erfolgstrainer von Werder Bremen 1961 Thomas Schaaf
0%
Keine übereinstimmenden Quizze gefunden
Verteilung der Resultate
Anzahl Personen mit jedem Resultat
Perzentil nach korrekt beantworteten Fragen
Ihre Resultats-Entwicklung
Sie haben dieses Quiz seit der letzten Aktualisierung nicht gespielt